Ciudadanía social y derechos laborales en Centroamérica /
Salvato in:
| Autore principale: | |
|---|---|
| Natura: | testo |
| Soggetti: | |
| Tags: |
Aggiungi Tag
Nessun Tag, puoi essere il primo ad aggiungerne!!
|
MARC
| LEADER | 00000 a a2200000 04500 | ||
|---|---|---|---|
| 001 | 46848 | ||
| 003 | |||
| 040 | |||
| 090 | |a REV0229 (108) 1998 | ||
| 100 | |a Pérez Sáinz, Juan Pablo | ||
| 245 | |a Ciudadanía social y derechos laborales en Centroamérica / |c Juan Pablo Pérez Sáinz | ||
| 650 | |a DERECHOS CIVILES | ||
| 650 | |a DERECHO DEL TRABAJO | ||
| 650 | |a LEGISLACION DEL TRABAJO | ||
| 650 | |a TRABAJO | ||
| 650 | |a SOCIEDAD | ||
| 650 | |a LIBERALIZACION DEL INTERCAMBIO | ||
| 650 | |a MODERNIZACION | ||
| 650 | |a EMPLEO | ||
| 650 | |a POLITICA GUBERNAMENTAL | ||
| 650 | |a TRABAJADORES | ||
| 650 | |a CONDICIONES DE TRABAJO | ||
| 773 | |g número108, (1998), Páginas 1- 52 | ||
| 999 | |c 31064 |d 31064 | ||
